<?xml version="1.0" encoding="UTF-8"?>
<record
    xmlns:xsi="http://www.w3.org/2001/XMLSchema-instance"
    xsi:schemaLocation="http://www.loc.gov/MARC21/slim http://www.loc.gov/standards/marcxml/schema/MARC21slim.xsd"
    xmlns="http://www.loc.gov/MARC21/slim">

  <leader>01903camaa2200337 a 4500</leader>
  <controlfield tag="001">78603</controlfield>
  <controlfield tag="003">BD-RjUL</controlfield>
  <controlfield tag="005">20211209083140.0</controlfield>
  <controlfield tag="008">211019s19641840iq       b    000 0 arao </controlfield>
  <datafield tag="035" ind1=" " ind2=" ">
    <subfield code="a">(BD-RjUL) 78829</subfield>
  </datafield>
  <datafield tag="040" ind1=" " ind2=" ">
    <subfield code="a">DLC</subfield>
    <subfield code="c">N15</subfield>
    <subfield code="b">eng</subfield>
  </datafield>
  <datafield tag="041" ind1="0" ind2=" ">
    <subfield code="a">ara</subfield>
    <subfield code="a">lat</subfield>
  </datafield>
  <datafield tag="066" ind1=" " ind2=" ">
    <subfield code="c">(3</subfield>
  </datafield>
  <datafield tag="082" ind1=" " ind2=" ">
    <subfield code="2">23</subfield>
    <subfield code="a">929.4091767</subfield>
    <subfield code="b">SUT 1964</subfield>
  </datafield>
  <datafield tag="100" ind1="0" ind2=" ">
    <subfield code="a">&#x633;&#x64A;&#x648;&#x637;&#x64A;. &#x644;&#x634;&#x64A;&#x62E;&#x646;&#x627; &#x62E;&#x627;&#x62A;&#x645;&#x629; &#x627;&#x644;&#x62D;&#x641;&#x627;&#x638; &#x648;&#x627;&#x644;&#x645;&#x62C;&#x62A;&#x647;&#x62F;&#x64A;&#x646; &#x62C;&#x644;&#x627;&#x644; &#x627;&#x644;&#x62F;&#x64A;&#x646; ;; Suy&#x16B;&#x1E6D;&#x12B;,</subfield>
    <subfield code="d">1445-1505.</subfield>
    <subfield code="9">245556</subfield>
  </datafield>
  <datafield tag="245" ind1="1" ind2="0">
    <subfield code="a">&#x643;&#x62A;&#x627;&#x628; &#x644;&#x628; &#x627;&#x644;&#x644;&#x628;&#x627;&#x628; &#x641;&#x64A; &#x62A;&#x62D;&#x631;&#x64A;&#x631; &#x627;&#x644;&#x623;&#x646;&#x633;&#x627;&#x628;  ;; Kit&#x101;b lubb al-lub&#x101;b f&#x12B; ta&#x1E25;r&#x12B;r al-ans&#x101;b /</subfield>
    <subfield code="c">&#x62C;&#x644;&#x627;&#x644; &#x627;&#x644;&#x62F;&#x64A;&#x646; &#x639;&#x628;&#x62F; &#x627;&#x644;&#x631;&#x62D;&#x645;&#x646; &#x627;&#x644;&#x623;&#x633;&#x64A;&#x648;&#x637;&#x64A; &#x627;&#x644;&#x634;&#x627;&#x641;&#x639;&#x64A;.;; -Jal&#x101;l al-D&#x12B;n &#x2BF;Abd al-Ra&#x1E25;m&#x101;n al-Usy&#x16B;&#x1E6D;&#x12B; al-Sh&#x101;fi&#x2BF;&#x12B;.</subfield>
  </datafield>
  <datafield tag="246" ind1="1" ind2="5">
    <subfield code="i">Title on added t.p.:</subfield>
    <subfield code="a">Specimen e litteris orientalibus, exhibens majorem partem libri as-Sojutii de nominibus relativis, inscripti Lubb al-lub&#x101;b.</subfield>
  </datafield>
  <datafield tag="260" ind1=" " ind2=" ">
    <subfield code="a">&#x628;&#x63A;&#x62F;&#x627; : Baghd&#x101;d :</subfield>
    <subfield code="b">&#x645;&#x643;&#x62A;&#x628;&#x629; &#x627;&#x644;&#x645;&#x62B;&#x646;&#x649;&#x60C; ;; Maktabat al-Muthann&#xE1;,</subfield>
    <subfield code="c">[1964?].</subfield>
  </datafield>
  <datafield tag="300" ind1=" " ind2=" ">
    <subfield code="a">2 v. in 1,</subfield>
    <subfield code="c">26 cm.</subfield>
  </datafield>
  <datafield tag="500" ind1=" " ind2=" ">
    <subfield code="a">Part 1 of the original ed. was presented by the editor. P. J. Veth, as his thesis, Leyden (H.E. Weijers, praeses) .</subfield>
  </datafield>
  <datafield tag="500" ind1=" " ind2=" ">
    <subfield code="a">Reprint of the edition published in Leiden, 1840-1842.</subfield>
  </datafield>
  <datafield tag="500" ind1=" " ind2=" ">
    <subfield code="a">An abridgment of Ibn al-Ath&#x12B;r's al-Lub&#x101;b, itself an abridgment of al-Sam&#x2BF;&#x101;n&#x12B;'s Kit&#x101;b al-ans&#x101;b.</subfield>
  </datafield>
  <datafield tag="504" ind1=" " ind2=" ">
    <subfield code="a">Includes bibliographical references.</subfield>
  </datafield>
  <datafield tag="650" ind1=" " ind2="0">
    <subfield code="a">Names, Personal</subfield>
    <subfield code="x">Arabic.</subfield>
    <subfield code="9">249168</subfield>
  </datafield>
  <datafield tag="650" ind1=" " ind2="0">
    <subfield code="a">Arabic language</subfield>
    <subfield code="x"> Etymology </subfield>
    <subfield code="v">Names</subfield>
    <subfield code="y">Early works to 1800.</subfield>
    <subfield code="9">249169</subfield>
  </datafield>
  <datafield tag="650" ind1=" " ind2="0">
    <subfield code="a">Manuscripts, Arabic</subfield>
    <subfield code="z"> New Jersey -- Princeton.</subfield>
    <subfield code="9">249170</subfield>
  </datafield>
  <datafield tag="700" ind1="1" ind2=" ">
    <subfield code="a">&#x627;&#x628;&#x646; &#x627;&#x644;&#x623;&#x62B;&#x64A;&#x631;&#x60C; &#x639;&#x632; &#x627;&#x644;&#x62F;&#x64A;&#x646;.;; Ibn al-Ath&#x12B;r, &#x2BF;Izz al-D&#x12B;n,</subfield>
    <subfield code="d">1160-1233.</subfield>
    <subfield code="9">249174</subfield>
  </datafield>
  <datafield tag="700" ind1="1" ind2=" ">
    <subfield code="a">Veth, Pieter Johannes,</subfield>
    <subfield code="d">1814-1895.</subfield>
    <subfield code="9">248876</subfield>
  </datafield>
  <datafield tag="942" ind1=" " ind2=" ">
    <subfield code="2">ddc</subfield>
    <subfield code="c">BK</subfield>
  </datafield>
  <datafield tag="999" ind1=" " ind2=" ">
    <subfield code="c">78603</subfield>
    <subfield code="d">78603</subfield>
  </datafield>
  <datafield tag="952" ind1=" " ind2=" ">
    <subfield code="0">0</subfield>
    <subfield code="1">0</subfield>
    <subfield code="2">ddc</subfield>
    <subfield code="4">0</subfield>
    <subfield code="7">1</subfield>
    <subfield code="8">NFIC</subfield>
    <subfield code="a">RUCL</subfield>
    <subfield code="b">RUCL</subfield>
    <subfield code="c">Reading</subfield>
    <subfield code="d">2021-10-19</subfield>
    <subfield code="l">0</subfield>
    <subfield code="o">A 929.4091767 SUT 1964</subfield>
    <subfield code="r">2021-10-19 00:00:00</subfield>
    <subfield code="t">C-1</subfield>
    <subfield code="w">2021-12-09</subfield>
    <subfield code="y">BK</subfield>
  </datafield>
</record>
